UM Logo

Inertia emulation and fast frequency-droop control strategy of a point-to-point VSC-HVdc transmission system for asynchronous grid interconnection / (Record no. 19406)

MARC details
000 -LEADER
fixed length control field 01213nam a22002657a 4500
003 - CONTROL NUMBER IDENTIFIER
control field OSt
005 - DATE AND TIME OF LATEST TRANSACTION
control field 20250916090648.0
008 - FIXED-LENGTH DATA ELEMENTS--GENERAL INFORMATION
fixed length control field 240228b ||||| |||| 00| 0 eng d
040 ## - CATALOGING SOURCE
Transcribing agency 0
082 ## - DEWEY DECIMAL CLASSIFICATION NUMBER
Classification number DPer 621.317 Ie21 June 2022 v. 37 n. 6
100 ## - MAIN ENTRY--PERSONAL NAME
Personal name Zhu, Jiabei.
Relator term author.
9 (RLIN) 53540
245 ## - TITLE STATEMENT
Title Inertia emulation and fast frequency-droop control strategy of a point-to-point VSC-HVdc transmission system for asynchronous grid interconnection /
Statement of responsibility, etc. Jiabei Zhu, Xiaonan Wang, Junbo Zhao, Lujie Yu, Suxuan Li, Yunwei Li, Josep M. Guerrero, and Chengshan Wang.
260 ## - PUBLICATION, DISTRIBUTION, ETC. (IMPRINT)
Place of publication, distribution, etc. New York ;
Name of publisher, distributor, etc. The Institute of Electrical and Electronics Engineers, Inc. ,
Date of publication, distribution, etc. June 2022.
300 ## - PHYSICAL DESCRIPTION
Extent Volume 37, pages 6530-6543 :
Other physical details illustration ;
Dimensions 29 cm.
500 ## - GENERAL NOTE
General note IEEE Transactions on Power Electronics, vol. 37, no. 6, pages 6530-6543, June 2022.
700 ## - ADDED ENTRY--PERSONAL NAME
Personal name Zhu, Jiabei.
Relator term author.
9 (RLIN) 53540
700 ## - ADDED ENTRY--PERSONAL NAME
Personal name Wang, Xiaonan.
Relator term author.
9 (RLIN) 53541
700 ## - ADDED ENTRY--PERSONAL NAME
Personal name Zhao, Junbo.
Relator term author.
9 (RLIN) 53542
700 ## - ADDED ENTRY--PERSONAL NAME
Personal name Yu, Lujie.
Relator term author.
9 (RLIN) 53543
700 ## - ADDED ENTRY--PERSONAL NAME
Personal name Li, Suxuan.
Relator term author.
9 (RLIN) 53544
700 ## - ADDED ENTRY--PERSONAL NAME
Personal name Li, Yunwei.
Relator term author.
9 (RLIN) 53545
700 ## - ADDED ENTRY--PERSONAL NAME
Personal name Guerrero, Josep M.
Relator term author.
9 (RLIN) 53546
700 ## - ADDED ENTRY--PERSONAL NAME
Personal name Wang, Chengshan.
Relator term author.
9 (RLIN) 53547
942 ## - ADDED ENTRY ELEMENTS (KOHA)
Source of classification or shelving scheme Dewey Decimal Classification
Koha item type Periodicals
Holdings
Withdrawn status Lost status Source of classification or shelving scheme Damaged status Not for loan Collection code Home library Current library Date acquired Total Checkouts Full call number Date last seen Price effective from Koha item type Public note
    Dewey Decimal Classification     Periodicals UM Digos College - LIC UM Digos College - LIC 02/28/2024   DPer 621.317 Ie21 June 2022 v.37 n. 6 02/28/2024 02/28/2024 Periodicals Periodical Article